Statistics for Tile Select - World Leaders

Click here to take the quiz!

General Stats

  • This quiz has been taken 39 times
  • The average score is 65 of 80

Answer Stats

QuestionTileSelect% Correct
Leaders of the United StatesSteven RogersNo
100%
Leaders of the United StatesThomas JeffersonYes
100%
Leaders of RussiaVladimir PutinYes
100%
Leaders of ChinaAi WeiweiNo
97%
Leaders of the United KingdomFranklin WrightNo
97%
Leaders of the United KingdomJacob CameronNo
97%
Leaders of IndiaJayavarmanNo
97%
Leaders of RussiaMikhail GorbachevYes
97%
Leaders of ChinaPark Chung-heeNo
97%
Leaders of the United StatesRoger WilliamsNo
97%
Leaders of the United KingdomTheresa MayYes
97%
Leaders of the United StatesAndrew JacksonYes
95%
Leaders of RussiaGrigori RasputinNo
95%
Leaders of the United StatesJohn RockefellerNo
95%
Leaders of IndiaKiran DesaiNo
95%
Leaders of ChinaLong FengNo
95%
Leaders of IndiaMahaviraNo
95%
Leaders of ChinaMao ZedongYes
95%
Leaders of RussiaMaxim GorkyNo
95%
Leaders of RussiaPetro PoroshenkoNo
95%
Leaders of the United KingdomTony BlairYes
95%
Leaders of the United StatesWilliam GrahamNo
95%
Leaders of the United KingdomWoodrow WilsonNo
95%
Leaders of ChinaXi JinpingYes
95%
Leaders of RussiaAlexei NavalnyNo
92%
Leaders of RussiaAnton ChekovNo
92%
Leaders of IndiaBenazir BhuttoNo
92%
Leaders of IndiaByomkesh BakshiNo
92%
Leaders of the United StatesHarry TrumanYes
92%
Leaders of the United StatesJames MarshallNo
92%
Leaders of the United StatesJames MonroeYes
92%
Leaders of RussiaKonstantin VasilievNo
92%
Leaders of RussiaLeon TrotskyNo
92%
Leaders of RussiaNikita KhrushchevYes
92%
Leaders of the United KingdomTimothy CavendishNo
92%
Leaders of ChinaYi SunsinNo
92%
Leaders of the United StatesGerald FordYes
89%
Leaders of the United StatesJohn CalhounNo
89%
Leaders of the United StatesWilliam ShermanNo
89%
Leaders of IndiaAmartya SenNo
86%
Leaders of the United KingdomHenry VIIIYes
86%
Leaders of ChinaLi BaiNo
86%
Leaders of IndiaNawaz SharifNo
86%
Leaders of the United KingdomNeville ChamberlainYes
86%
Leaders of the United KingdomVictoriaYes
86%
Leaders of the United StatesZachary TaylorYes
86%
Leaders of ChinaConfuciusNo
84%
Leaders of the United KingdomJames LloydNo
84%
Leaders of the United KingdomJohn BrownNo
84%
Leaders of RussiaPeter IYes
84%
Leaders of the United KingdomCharles IYes
81%
Leaders of the United StatesGeorge ClintonNo
81%
Leaders of the United StatesBenjamin HarrisonYes
78%
Leaders of ChinaDeng XiaopingYes
78%
Leaders of ChinaGuan YuNo
78%
Leaders of RussiaLeonid BrezhnevYes
78%
Leaders of ChinaZhang YufeiNo
78%
Leaders of the United KingdomAlbert INo
76%
Leaders of the United StatesBenjamin FranklinNo
76%
Leaders of the United KingdomOliver CromwellYes
76%
Leaders of the United KingdomGeorge IXNo
73%
Leaders of IndiaIndira GandhiYes
73%
Leaders of IndiaNarendra ModiYes
73%
Leaders of IndiaSiddhartha GautamaNo
73%
Leaders of ChinaZheng HeNo
70%
Leaders of the United KingdomWilliam GladstoneYes
68%
Leaders of RussiaAlexander IIYes
65%
Leaders of RussiaIvan IVYes
62%
Leaders of RussiaNicholas IIINo
62%
Leaders of IndiaJawaharlal NehruYes
59%
Leaders of RussiaDmitry MedvedevYes
54%
Leaders of IndiaMahatma GandhiNo
54%
Leaders of ChinaQin Shi HuangYes
54%
Leaders of IndiaAshokaYes
46%
Leaders of ChinaKublai KhanYes
38%
Leaders of ChinaPuyiYes
35%
Leaders of ChinaSun Yat-senYes
35%
Leaders of IndiaManmohan SinghYes
30%
Leaders of IndiaAkbarYes
27%
Leaders of IndiaAtal VajpayeeYes
14%

Score Distribution

Percentile by Number Answered

Percent of People with Each Score

Your Score History

You have not taken this quiz